Welcome to the Holygrace Academy Library

Please use search bar below to get started

ZOOLOGY BASIC FACTS AND DEFINITIONS (Record no. 1709)

MARC details
000 -LEADER
fixed length control field 00359nam a22001457a 4500
020 ## - INTERNATIONAL STANDARD BOOK NUMBER
ISBN 81-87659-38-6
082 ## - DEWEY DECIMAL CLASSIFICATION NUMBER
Classification number 591
Item number CHO/Z
100 ## - MAIN ENTRY--AUTHOR NAME
Personal name CHOICE INTERNATIONAL
245 ## - TITLE STATEMENT
Title ZOOLOGY BASIC FACTS AND DEFINITIONS
250 ## - EDITION STATEMENT
Edition statement FIRST EDITION
260 ## - PUBLICATION, DISTRIBUTION, ETC. (IMPRINT)
Place of publication DELHI
Name of publisher CHOICE INTERNATIONAL
Year of publication 2001
300 ## - PHYSICAL DESCRIPTION
Number of Pages 444
650 ## - SUBJECT ADDED ENTRY--TOPICAL TERM
Topical Term ZOOLOGY MINI BOOK
Geographic subdivision INDIA
942 ## - ADDED ENTRY ELEMENTS (KOHA)
Koha item type Books
Holdings
Withdrawn status Lost status Collection code Home library Current library Shelving location Date acquired Source of acquisition Cost, normal purchase price Full call number Accession Number Koha item type
    Reference Main Library Main Library SHELF 1-A DICTIONARIES 11/03/2002 purchase 30.00 591 CHO/Z 01613 Books